<?xml version="1.0" encoding="UTF-8"?>
<record
    xmlns:xsi="http://www.w3.org/2001/XMLSchema-instance"
    xsi:schemaLocation="http://www.loc.gov/MARC21/slim http://www.loc.gov/standards/marcxml/schema/MARC21slim.xsd"
    xmlns="http://www.loc.gov/MARC21/slim">

  <leader>02697nam a22003017a 4500</leader>
  <controlfield tag="003">NALT</controlfield>
  <controlfield tag="005">20240424151544.0</controlfield>
  <controlfield tag="008">240411b        th ||||| |||| 00| 0 tha d</controlfield>
  <datafield tag="020" ind1=" " ind2=" ">
    <subfield code="a">9786169386995</subfield>
  </datafield>
  <datafield tag="040" ind1=" " ind2=" ">
    <subfield code="a">NALT</subfield>
  </datafield>
  <datafield tag="050" ind1=" " ind2=" ">
    <subfield code="a">RA 412.5.T5</subfield>
    <subfield code="b">&#xE27;358&#xE22; 2567</subfield>
  </datafield>
  <datafield tag="100" ind1="0" ind2=" ">
    <subfield code="a">&#xE27;&#xE2A;&#xE31;&#xE19;&#xE15;&#xE4C; &#xE40;&#xE2B;&#xE25;&#xE37;&#xE2D;&#xE07;&#xE1B;&#xE23;&#xE30;&#xE20;&#xE31;&#xE2A;&#xE23;&#xE4C;.</subfield>
    <subfield code="9">3101</subfield>
  </datafield>
  <datafield tag="245" ind1="1" ind2="0">
    <subfield code="a">&#xE22;&#xE01;&#xE23;&#xE30;&#xE14;&#xE31;&#xE1A;&#xE23;&#xE30;&#xE1A;&#xE1A;&#xE1A;&#xE23;&#xE34;&#xE01;&#xE32;&#xE23;&#xE2A;&#xE38;&#xE02;&#xE20;&#xE32;&#xE1E;&#xE1B;&#xE10;&#xE21;&#xE20;&#xE39;&#xE21;&#xE34;&#xE01;&#xE31;&#xE1A;&#xE1E;&#xE25;&#xE31;&#xE07;&#xE17;&#xE49;&#xE2D;&#xE07;&#xE16;&#xE34;&#xE48;&#xE19;&#xE41;&#xE25;&#xE30;&#xE04;&#xE27;&#xE32;&#xE21;&#xE23;&#xE48;&#xE27;&#xE21;&#xE21;&#xE37;&#xE2D; /</subfield>
    <subfield code="c">&#xE1C;&#xE39;&#xE49;&#xE40;&#xE02;&#xE35;&#xE22;&#xE19; : &#xE27;&#xE2A;&#xE31;&#xE19;&#xE15;&#xE4C; &#xE40;&#xE2B;&#xE25;&#xE37;&#xE2D;&#xE07;&#xE1B;&#xE23;&#xE30;&#xE20;&#xE31;&#xE2A;&#xE23;&#xE4C;, &#xE2A;&#xE32;&#xE22;&#xE1D;&#xE19; &#xE2A;&#xE38;&#xE40;&#xE2D;&#xE35;&#xE22;&#xE19;&#xE17;&#xE23;&#xE40;&#xE21;&#xE18;&#xE35;, &#xE13;&#xE31;&#xE10;&#xE27;&#xE31;&#xE12;&#xE19;&#xE4C; &#xE08;&#xE31;&#xE19;&#xE17;&#xE23;&#xE4C;&#xE28;&#xE23;&#xE35;&#xE18;&#xE32;&#xE14;&#xE32;, &#xE0A;&#xE31;&#xE0A;&#xE27;&#xE34;&#xE19;&#xE18;&#xE4C; &#xE15;&#xE31;&#xE19;&#xE15;&#xE34;&#xE40;&#xE27;&#xE0A;&#xE27;&#xE32;&#xE13;&#xE34;&#xE0A;&#xE22;&#xE4C; ; &#xE1A;&#xE23;&#xE23;&#xE13;&#xE32;&#xE18;&#xE34;&#xE01;&#xE32;&#xE23; : &#xE20;&#xE23;&#xE13;&#xE4C;&#xE17;&#xE34;&#xE1E;&#xE22;&#xE4C; &#xE1B;&#xE34;&#xE22;&#xE24;&#xE17;&#xE18;&#xE34;&#xE1E;&#xE07;&#xE28;&#xE4C;.</subfield>
  </datafield>
  <datafield tag="250" ind1=" " ind2=" ">
    <subfield code="a">&#xE1E;&#xE34;&#xE21;&#xE1E;&#xE4C;&#xE04;&#xE23;&#xE31;&#xE49;&#xE07;&#xE17;&#xE35;&#xE48; 1.</subfield>
  </datafield>
  <datafield tag="260" ind1=" " ind2=" ">
    <subfield code="a">&#xE01;&#xE23;&#xE38;&#xE07;&#xE40;&#xE17;&#xE1E;&#xE2F; :</subfield>
    <subfield code="b">&#xE2A;&#xE16;&#xE32;&#xE1A;&#xE31;&#xE19;&#xE04;&#xE25;&#xE31;&#xE07;&#xE2A;&#xE21;&#xE2D;&#xE07;&#xE02;&#xE2D;&#xE07;&#xE0A;&#xE32;&#xE15;&#xE34;,</subfield>
    <subfield code="c">2567.</subfield>
  </datafield>
  <datafield tag="300" ind1=" " ind2=" ">
    <subfield code="a">118 &#xE2B;&#xE19;&#xE49;&#xE32; :</subfield>
    <subfield code="b">&#xE20;&#xE32;&#xE1E;&#xE1B;&#xE23;&#xE30;&#xE01;&#xE2D;&#xE1A;, &#xE15;&#xE32;&#xE23;&#xE32;&#xE07; ;</subfield>
    <subfield code="c">25 &#xE0B;&#xE21;.</subfield>
  </datafield>
  <datafield tag="505" ind1="2" ind2=" ">
    <subfield code="a">&#xE1A;&#xE17;&#xE17;&#xE35;&#xE48; 1 &#xE40;&#xE23;&#xE34;&#xE48;&#xE21;&#xE15;&#xE49;&#xE19;&#xE17;&#xE35;&#xE48; "&#xE17;&#xE49;&#xE2D;&#xE07;&#xE16;&#xE34;&#xE48;&#xE19;" -- &#xE1A;&#xE17;&#xE17;&#xE35;&#xE48; 2 &#xE1C;&#xE48;&#xE32;&#xE01;&#xE32;&#xE22; "&#xE27;&#xE34;&#xE1E;&#xE32;&#xE01;&#xE29;&#xE4C;" &#xE42;&#xE04;&#xE23;&#xE07;&#xE2A;&#xE23;&#xE49;&#xE32;&#xE07;&#xE01;&#xE32;&#xE23;&#xE2A;&#xE32;&#xE18;&#xE32;&#xE23;&#xE13;&#xE2A;&#xE38;&#xE02;&#xE44;&#xE17;&#xE22; -- &#xE1A;&#xE17;&#xE17;&#xE35;&#xE48; 3 "&#xE28;&#xE31;&#xE25;&#xE22;&#xE01;&#xE23;&#xE23;&#xE21;&#xE15;&#xE01;&#xE41;&#xE15;&#xE48;&#xE07;" &#xE02;&#xE2D;&#xE07;&#xE42;&#xE04;&#xE23;&#xE07;&#xE2A;&#xE23;&#xE49;&#xE32;&#xE07;&#xE2D;&#xE33;&#xE19;&#xE32;&#xE08;&#xE17;&#xE35;&#xE48;&#xE1A;&#xE34;&#xE14;&#xE40;&#xE1A;&#xE35;&#xE49;&#xE22;&#xE27; -- &#xE1A;&#xE17;&#xE17;&#xE35;&#xE48; 4 &#xE21;&#xE2D;&#xE07;&#xE40;&#xE17;&#xE28; &#xE21;&#xE2D;&#xE07;&#xE44;&#xE17;&#xE22; &#xE01;&#xE31;&#xE1A;&#xE01;&#xE32;&#xE23;&#xE1E;&#xE31;&#xE12;&#xE19;&#xE32;&#xE2B;&#xE19;&#xE48;&#xE27;&#xE22;&#xE1A;&#xE23;&#xE34;&#xE01;&#xE32;&#xE23;&#xE2A;&#xE38;&#xE02;&#xE20;&#xE32;&#xE1E;&#xE1B;&#xE10;&#xE21;&#xE20;&#xE39;&#xE21;&#xE34; -- &#xE1A;&#xE17;&#xE17;&#xE35;&#xE48; 5 &#xE25;&#xE33;&#xE1B;&#xE32;&#xE07; &#xE1A;&#xE17;&#xE40;&#xE23;&#xE35;&#xE22;&#xE19;&#xE41;&#xE25;&#xE30;&#xE1B;&#xE23;&#xE30;&#xE2A;&#xE1A;&#xE01;&#xE32;&#xE23;&#xE13;&#xE4C;&#xE02;&#xE2D;&#xE07;&#xE1E;&#xE37;&#xE49;&#xE19;&#xE17;&#xE35;&#xE48; -- &#xE1A;&#xE17;&#xE17;&#xE35;&#xE48; 6 &#xE2D;&#xE2D;&#xE01;&#xE41;&#xE1A;&#xE1A;&#xE17;&#xE32;&#xE07;&#xE40;&#xE25;&#xE37;&#xE2D;&#xE01;&#xE43;&#xE2B;&#xE21;&#xE48; &#xE04;&#xE27;&#xE32;&#xE21;&#xE17;&#xE49;&#xE32;&#xE17;&#xE32;&#xE22;&#xE41;&#xE25;&#xE30;&#xE04;&#xE27;&#xE32;&#xE21;&#xE40;&#xE1B;&#xE47;&#xE19;&#xE44;&#xE1B;&#xE44;&#xE14;&#xE49;.</subfield>
  </datafield>
  <datafield tag="650" ind1=" " ind2="4">
    <subfield code="a">&#xE1A;&#xE23;&#xE34;&#xE01;&#xE32;&#xE23;&#xE17;&#xE32;&#xE07;&#xE01;&#xE32;&#xE23;&#xE41;&#xE1E;&#xE17;&#xE22;&#xE4C;</subfield>
    <subfield code="9">3796</subfield>
  </datafield>
  <datafield tag="650" ind1=" " ind2="4">
    <subfield code="a">&#xE2A;&#xE32;&#xE18;&#xE32;&#xE23;&#xE13;&#xE2A;&#xE38;&#xE02;</subfield>
    <subfield code="9">22169</subfield>
  </datafield>
  <datafield tag="700" ind1="0" ind2=" ">
    <subfield code="a">&#xE2A;&#xE32;&#xE22;&#xE1D;&#xE19; &#xE2A;&#xE38;&#xE40;&#xE2D;&#xE35;&#xE22;&#xE19;&#xE17;&#xE23;&#xE40;&#xE21;&#xE18;&#xE35;.</subfield>
    <subfield code="9">20096</subfield>
  </datafield>
  <datafield tag="700" ind1="0" ind2=" ">
    <subfield code="a">&#xE13;&#xE31;&#xE10;&#xE27;&#xE31;&#xE12;&#xE19;&#xE4C; &#xE08;&#xE31;&#xE19;&#xE17;&#xE23;&#xE4C;&#xE28;&#xE23;&#xE35;&#xE18;&#xE32;&#xE14;&#xE32;.</subfield>
    <subfield code="9">63758</subfield>
  </datafield>
  <datafield tag="700" ind1="0" ind2=" ">
    <subfield code="a">&#xE0A;&#xE31;&#xE0A;&#xE27;&#xE34;&#xE19;&#xE18;&#xE4C; &#xE15;&#xE31;&#xE19;&#xE15;&#xE34;&#xE40;&#xE27;&#xE0A;&#xE27;&#xE32;&#xE13;&#xE34;&#xE0A;&#xE22;&#xE4C;.</subfield>
    <subfield code="9">63759</subfield>
  </datafield>
  <datafield tag="700" ind1="0" ind2=" ">
    <subfield code="a">&#xE20;&#xE23;&#xE13;&#xE4C;&#xE17;&#xE34;&#xE1E;&#xE22;&#xE4C; &#xE1B;&#xE34;&#xE22;&#xE24;&#xE17;&#xE18;&#xE34;&#xE1E;&#xE07;&#xE28;&#xE4C;..</subfield>
    <subfield code="9">63760</subfield>
  </datafield>
  <datafield tag="942" ind1=" " ind2=" ">
    <subfield code="c">GB</subfield>
    <subfield code="2">lcc</subfield>
  </datafield>
  <datafield tag="996" ind1=" " ind2=" ">
    <subfield code="a">chunbijaya.r</subfield>
    <subfield code="b">CATSTF	</subfield>
    <subfield code="c">2024-04-11</subfield>
  </datafield>
  <datafield tag="996" ind1=" " ind2=" ">
    <subfield code="a">jamriang.p</subfield>
    <subfield code="b">CATSTF	</subfield>
    <subfield code="c">2024-04-23</subfield>
  </datafield>
  <datafield tag="999" ind1=" " ind2=" ">
    <subfield code="c">105090</subfield>
    <subfield code="d">105090</subfield>
  </datafield>
  <datafield tag="998" ind1=" " ind2=" ">
    <subfield code="j">1524</subfield>
    <subfield code="k"> &#xE19;&#xE32;&#xE07;&#xE2A;&#xE32;&#xE27;&#xE28;&#xE23;&#xE31;&#xE13;&#xE22;&#xE4C;&#xE20;&#xE23;  &#xE0A;&#xE33;&#xE19;&#xE32;&#xE0D;&#xE1B;&#xE48;&#xE32;</subfield>
  </datafield>
  <datafield tag="952" ind1=" " ind2=" ">
    <subfield code="0">0</subfield>
    <subfield code="1">0</subfield>
    <subfield code="2">lcc</subfield>
    <subfield code="4">0</subfield>
    <subfield code="7">0</subfield>
    <subfield code="8">CGBL</subfield>
    <subfield code="a">NALT</subfield>
    <subfield code="b">NALT</subfield>
    <subfield code="c">GEN</subfield>
    <subfield code="d">2024-04-11</subfield>
    <subfield code="l">0</subfield>
    <subfield code="o">RA 412.5.T5 &#xE27;358&#xE22; 2567</subfield>
    <subfield code="p">3961222946</subfield>
    <subfield code="r">2024-04-25 00:00:00</subfield>
    <subfield code="t">&#xE09;.1</subfield>
    <subfield code="w">2024-04-11</subfield>
    <subfield code="y">GB</subfield>
  </datafield>
  <datafield tag="952" ind1=" " ind2=" ">
    <subfield code="0">0</subfield>
    <subfield code="1">0</subfield>
    <subfield code="2">lcc</subfield>
    <subfield code="4">0</subfield>
    <subfield code="7">0</subfield>
    <subfield code="8">CGBL</subfield>
    <subfield code="a">NALT</subfield>
    <subfield code="b">NALT</subfield>
    <subfield code="c">GEN</subfield>
    <subfield code="d">2024-04-11</subfield>
    <subfield code="l">0</subfield>
    <subfield code="o">RA 412.5.T5 &#xE27;358&#xE22; 2567</subfield>
    <subfield code="p">3961222947</subfield>
    <subfield code="r">2024-04-25 00:00:00</subfield>
    <subfield code="t">&#xE09;.2</subfield>
    <subfield code="w">2024-04-11</subfield>
    <subfield code="y">GB</subfield>
  </datafield>
</record>
